Visiones y debates de la cooperación Sur-Sur y triangular : (Registro nro. 40579)
[ vista simple ]
| 000 -LEADER | |
|---|---|
| campo de control de longitud fija | 03058nam a2200517Ii 4500 |
| 001 - NÚMERO DE CONTROL | |
| campo de control | 40579 |
| 003 - IDENTIFICADOR DE NÚMERO DE CONTROL | |
| campo de control | FINmELB |
| 005 - FECHA Y HORA DE LA ÚLTIMA TRANSACCIÓN | |
| campo de control | 20241216221906.0 |
| 006 - CÓDIGOS DE INFORMACIÓN DE LONGITUD FIJA--CARACTERÍSTICAS DEL MATERIAL ADICIONAL | |
| campo de control de longitud fija | m o d | |
| 007 - CAMPO FIJO DE DESCRIPCIÓN FÍSICA--INFORMACIÓN GENERAL | |
| campo de control de longitud fija | cr cnu|||||||| |
| 008 - DATOS DE LONGITUD FIJA--INFORMACIÓN GENERAL | |
| campo de control de longitud fija | 231009s2020 sp a ob 000|0 spa d |
| 020 ## - NÚMERO INTERNACIONAL ESTÁNDAR DEL LIBRO | |
| Número Internacional Estándar del Libro | 9788413520681 |
| Información calificativa | ebook |
| 020 ## - NÚMERO INTERNACIONAL ESTÁNDAR DEL LIBRO | |
| ISBN cancelado o inválido | 9788413520148 |
| 035 ## - NÚMERO DE CONTROL DEL SISTEMA | |
| Número de control de sistema | (OCoLC)1405222836 |
| 040 ## - FUENTE DE CATALOGACIÓN | |
| Centro catalogador/agencia de origen | FINmELB |
| Lengua de catalogación | spa |
| Normas de descripción | rda |
| Centro/agencia transcriptor | FINmELB |
| 043 ## - CÓDIGO DE ÁREA GEOGRÁFICA | |
| Código de área geográfica | cl----- |
| -- | d------ |
| 050 14 - SIGNATURA TOPOGRÁFICA DE LA BIBLIOTECA DEL CONGRESO | |
| Número de clasificación | HC125 |
| Número de ítem | .V575 2020 |
| 080 ## - NÚMERO DE LA CLASIFICACIÓN DECIMAL UNIVERSAL | |
| Número de la Clasificación Decimal Universal | 339.92(1-773) |
| 080 ## - NÚMERO DE LA CLASIFICACIÓN DECIMAL UNIVERSAL | |
| Número de la Clasificación Decimal Universal | 339.9 |
| 080 ## - NÚMERO DE LA CLASIFICACIÓN DECIMAL UNIVERSAL | |
| Número de la Clasificación Decimal Universal | 338.2(1-773) |
| 082 04 - NÚMERO DE LA CLASIFICACIÓN DECIMAL DEWEY | |
| Número de clasificación | 338.98 |
| Información de edición | 23 |
| 245 00 - MENCIÓN DEL TÍTULO | |
| Título | Visiones y debates de la cooperación Sur-Sur y triangular : |
| Resto del título | actores gubernamentales, sociales y privados / |
| Mención de responsabilidad, etc. | Tahina Ojeda Medina (ed.). |
| 264 #1 - PRODUCCIÓN, PUBLICACIÓN, DISTRIBUCIÓN, FABRICACIÓN Y COPYRIGHT | |
| Producción, publicación, distribución, fabricación y copyright | Madrid : |
| Nombre del de productor, editor, distribuidor, fabricante | Catarata : |
| -- | Instituto Universitario de Desarrollo y Cooperación, |
| Fecha de producción, publicación, distribución, fabricación o copyright | [2020] |
| 300 ## - DESCRIPCIÓN FÍSICA | |
| Extensión | 1 recurso en línea : |
| Otras características físicas | ilustraciones |
| 336 ## - TIPO DE CONTENIDO | |
| Término de tipo de contenido | texto |
| Código de tipo de contenido | txt |
| Fuente | rdacontent/spa |
| 337 ## - TIPO DE MEDIO | |
| Nombre/término del tipo de medio | computadora |
| Código del tipo de medio | c |
| Fuente | rdamedia/spa |
| 338 ## - TIPO DE SOPORTE | |
| Nombre/término del tipo de soporte | recurso en línea |
| Código del tipo de soporte | cr |
| Fuente | rdacarrier/spa |
| 490 1# - MENCIÓN DE SERIE | |
| Mención de serie | Serie Desarrollo y cooperación ; |
| Designación de volumen o secuencia | 787 |
| 504 ## - NOTA DE BIBLIOGRAFÍA, ETC. | |
| Nota de bibliografía, etc. Nota | Incluye referencias bibliográficas. |
| 520 ## - RESUMEN, ETC. | |
| Sumario, etc. | Este libro aborda las visiones y los debates de la cooperación Sur-Sur y de la cooperación triangular desde la perspectiva de algunos de sus actores gubernamentales sociales y privados en el ámbito latinoamericano. Desde un enfoque de relaciones internacionales presenta elementos teóricos y prácticos que facilitan la comprensión de los motivos intereses y objetivos de una pléyade de actores que dan vida a estas modalidades de cooperación internacional para el desarrollo. Estructurado en seis capítulos y organizado por tipo y categoría de actor el libro analiza el rol que desempeñan los actores internacionales intergubernamentales los gubernamentales en los niveles nacional y subnacional los del sector privado y los sociales. Todos los capítulos presentan además un análisis transversal sobre el papel de dichos actores en la Agenda 2030. |
| 588 ## - NOTA DE FUENTE DE LA DESCRIPCIÓN | |
| Nota de fuente de la descripción | Descripción basada en metadatos suministrados por el editor y otras fuentes. |
| 590 ## - NOTA LOCAL (RLIN) | |
| Nota local | Recurso electrónico. Santa Fe, Arg.: elibro, 2023. Disponible vía World Wide Web. El acceso puede estar limitado para las bibliotecas afiliadas a elibro. |
| 650 #4 - PUNTO DE ACCESO ADICIONAL DE MATERIA--TÉRMINO DE MATERIA | |
| Término de materia o nombre geográfico como elemento de entrada | Nuevo orden económico internacional. |
| 650 #4 - PUNTO DE ACCESO ADICIONAL DE MATERIA--TÉRMINO DE MATERIA | |
| Término de materia o nombre geográfico como elemento de entrada | Economía internacional. |
| 650 #4 - PUNTO DE ACCESO ADICIONAL DE MATERIA--TÉRMINO DE MATERIA | |
| Término de materia o nombre geográfico como elemento de entrada | Cooperación internacional |
| Subdivisión general | Sociedades asociaciones etc. |
| 651 #4 - PUNTO DE ACCESO ADICIONAL DE MATERIA--NOMBRE GEOGRÁFICO | |
| Nombre geográfico | Países en desarrollo |
| Subdivisión general | Relaciones económicas exteriores. |
| 651 #4 - PUNTO DE ACCESO ADICIONAL DE MATERIA--NOMBRE GEOGRÁFICO | |
| Nombre geográfico | Países en desarrollo |
| Subdivisión general | Política económica. |
| 651 #4 - PUNTO DE ACCESO ADICIONAL DE MATERIA--NOMBRE GEOGRÁFICO | |
| Nombre geográfico | Países en desarrollo |
| Subdivisión general | Integración económica. |
| 651 #4 - PUNTO DE ACCESO ADICIONAL DE MATERIA--NOMBRE GEOGRÁFICO | |
| Nombre geográfico | América Latina |
| Subdivisión general | Situación económica. |
| 655 #4 - TERMINO DE INDIZACIÓN--GENERO/FORMA | |
| Datos o término principal de género/forma | Libros electrónicos. |
| 700 1# - ENTRADA AGREGADA--NOMBRE PERSONAL | |
| Nombre de persona | Ojeda Medina, Tahina, |
| Término indicativo de función/relación | editor. |
| 776 08 - ENTRADA DE FORMULARIO FÍSICO ADICIONAL | |
| Información de relación | Versión impresa: |
| Título | Visiones y debates de la cooperación Sur-Sur y triangular. |
| Lugar, editor y fecha de publicación | Madrid : Catarata, [2020] |
| Número Internacional Estándar del Libro | 9788413520148 |
| 797 2# - PUNTO DE ACCESO ADICIONAL LOCAL--NOMBRE DE ENTIDAD CORPORATIVA (RLIN) | |
| Nombre de entidad corporativa o nombre de jurisdicción como elemento de entrada | elibro, Corp. |
| 830 #0 - PUNTO DE ACCESO ADICIONAL DE SERIE-TÍTULO UNIFORME | |
| Título uniforme | Serie Desarrollo y cooperación ; |
| Designación de volumen o secuencia | 787. |
| 856 40 - LOCALIZACIÓN Y ACCESO ELECTRÓNICOS | |
| Identificador Uniforme de Recurso | <a href="https://elibro.net/ereader/politecnicointernacional/234471">https://elibro.net/ereader/politecnicointernacional/234471</a> |
No hay ítems disponibles.